<?xml version="1.0" encoding="UTF-8"?>
<record
    xmlns:xsi="http://www.w3.org/2001/XMLSchema-instance"
    xsi:schemaLocation="http://www.loc.gov/MARC21/slim http://www.loc.gov/standards/marcxml/schema/MARC21slim.xsd"
    xmlns="http://www.loc.gov/MARC21/slim">

  <leader>00328nam a22001337a 4500</leader>
  <datafield tag="020" ind1=" " ind2=" ">
    <subfield code="a">978-0-670-08354-1</subfield>
  </datafield>
  <datafield tag="082" ind1=" " ind2=" ">
    <subfield code="a">294.509 DON C2</subfield>
  </datafield>
  <datafield tag="100" ind1=" " ind2=" ">
    <subfield code="a">Doniger, Wendy</subfield>
  </datafield>
  <datafield tag="245" ind1=" " ind2=" ">
    <subfield code="a">The Hindus: An Alternative History</subfield>
  </datafield>
  <datafield tag="260" ind1=" " ind2=" ">
    <subfield code="a">New Delhi</subfield>
    <subfield code="b">Penguin Books India Pvt. Ltd</subfield>
    <subfield code="c">2009</subfield>
  </datafield>
  <datafield tag="300" ind1=" " ind2=" ">
    <subfield code="a">779</subfield>
  </datafield>
  <datafield tag="650" ind1=" " ind2=" ">
    <subfield code="a">Hinduism</subfield>
  </datafield>
  <datafield tag="942" ind1=" " ind2=" ">
    <subfield code="c">BK</subfield>
  </datafield>
  <datafield tag="952" ind1=" " ind2=" ">
    <subfield code="0">0</subfield>
    <subfield code="1">0</subfield>
    <subfield code="4">0</subfield>
    <subfield code="7">0</subfield>
    <subfield code="a">HMI</subfield>
    <subfield code="b">HMI</subfield>
    <subfield code="c">GEN</subfield>
    <subfield code="d">2018-05-03</subfield>
    <subfield code="e">Director</subfield>
    <subfield code="g">999.00</subfield>
    <subfield code="l">0</subfield>
    <subfield code="o">294.509 DON V2</subfield>
    <subfield code="p">11003647</subfield>
    <subfield code="r">2026-01-16</subfield>
    <subfield code="w">2026-01-16</subfield>
    <subfield code="y">BK</subfield>
  </datafield>
  <datafield tag="999" ind1=" " ind2=" ">
    <subfield code="c">20964</subfield>
    <subfield code="d">20964</subfield>
  </datafield>
</record>
